Las cartas hispanoamericanas de Santa Teresa de Jesús / (Record no. 182097)

MARC details
000 -LEADER
campo de control de longitud fija 00733nam a2200193 i 4500
001 - NÚMERO DE CONTROL
campo de control 182097
003 - IDENTIFICADOR DE NÚMERO DE CONTROL
campo de control ES-MaACL
005 - FECHA Y HORA DE LA ÚLTIMA TRANSACCIÓN
campo de control 20230906221528.0
008 - DATOS DE LONGITUD FIJA--INFORMACIÓN GENERAL
campo de control de longitud fija 130605s1982 sp |||| | spa d
080 ## - NÚMERO DE LA CLASIFICACIÓN DECIMAL UNIVERSAL
Número de la Clasificación Decimal Universal 929 Teresa de Jesús, Santa
100 1# - ENTRADA PRINCIPAL--NOMBRE DE PERSONA
Nombre de persona Sánchez-Castañer, Francisco.
9 (RLIN) 102538
245 14 - MENCIÓN DEL TÍTULO
Título Las cartas hispanoamericanas de Santa Teresa de Jesús /
Mención de responsabilidad, etc. Francisco Sánchez-Castañer.
260 ## - PUBLICACIÓN, DISTRIBUCIÓN, ETC.
Lugar de publicación, distribución, etc. [S.l. :
Nombre del editor, distribuidor, etc. Anales de Literatura Hispanoamericana,
Fecha de publicación, distribución, etc. 1982]
300 ## - DESCRIPCIÓN FÍSICA
Extensión P. [173]-179 ;
Dimensiones 24 cm.
595 ## -
-- Separata de "Anales de Literatura Hispanoamericana" nº 11, 1982.
600 07 - PUNTO DE ACCESO ADICIONAL DE MATERIA--NOMBRE DE PERSONA
Nombre de persona Teresa de Jesús,
Títulos y otros términos asociados al nombre Santa,
Fechas asociadas al nombre 1515-1582-
Subdivisión de forma Correspondencia
Fuente del encabezamiento o término
9 (RLIN) 133183
852 ## - LOCALIZACIÓN
Ubicación ES-MaACL
Número de control de estantería 2141-F-23
Holdings
Estatus retirado Estado de pérdida Estado de daño No para préstamo Colección Biblioteca de origen Biblioteca actual Ubicación en estantería Fecha de adquisición Fuente de adquisición Total de préstamos Signatura topográfica completa Código de barras Visto por última vez Precio de reemplazo Tipo de ítem Koha
        Colección de folletos Biblioteca del Ateneo de Madrid Biblioteca del Ateneo de Madrid Depósito folletos 05/06/2013     2141-F-23 1191359 23/02/2023 23/02/2023 Folleto